|
|
|
|
| LEADER |
00000nam2a2200000 4500 |
| 001 |
194917 |
| 005 |
20231101224603.0 |
| 010 |
|
|
|a 5250014445
|
| 035 |
|
|
|a (RuTPU)RU\TPU\book\212594
|
| 035 |
|
|
|a RU\TPU\book\212581
|
| 090 |
|
|
|a 194917
|
| 100 |
|
|
|a 20110426d1991 em y0rusy50 ca
|
| 101 |
0 |
|
|a rus
|
| 102 |
|
|
|a RU
|
| 105 |
|
|
|a y z 000zb
|
| 200 |
0 |
|
|a Т. 2
|
| 210 |
|
|
|d 1991
|
| 215 |
|
|
|a 399 с.
|
| 461 |
|
1 |
|0 (RuTPU)RU\TPU\book\212577
|y 5-250-01443-7
|t Круг чтения. Избранные, собранные и расположенные на каждый день Львом Толстым мысли многих писателей об истине, жизни и поведении
|o в 2-х томах
|f Л. Н. Толстой
|g сост. А. Н. Николюкин
|v Т. 2
|d 1991
|
| 600 |
|
1 |
|a Толстой
|g Лев Николаевич
|f 1829-1910
|c граф
|c русский писатель
|c член-корреспондент, почетный академик Петербургской АН
|b Л. Н.
|2 stltpush
|3 (RuTPU)RU\TPU\pers\497
|
| 606 |
1 |
|
|a Русская литература, дореволюционная
|2 stltpush
|3 (RuTPU)RU\TPU\subj\26371
|9 50314
|
| 610 |
1 |
|
|a философия
|
| 610 |
1 |
|
|a персоналии
|
| 675 |
|
|
|a Р1
|v 3
|
| 801 |
|
1 |
|a RU
|b 63413507
|c 20091012
|
| 801 |
|
2 |
|a RU
|b 63413507
|c 20220120
|g RCR
|
| 942 |
|
|
|c BK
|